Language Quiz

Random Language Quiz

Most Common -B Words Quiz Stats

 Plays Quiz not verified by Sporcle

Score 0/30 Timer 06:00
0 Plays Today
RANK WORD % Correct
6LAB
86.7%
13CAB
86.7%
26ROB
84.7%
29TUB
84.7%
25TAB
83.7%
16RIB
78.6%
7RUB
77.6%
20BOB
74.5%
3GRAB
72.4%
1JOB
71.4%
19SUB
70.4%
23PUB
69.4%
27HUB
63.3%
17DUMB
62.2%
2CLUB
60.2%
RANK WORD % Correct
22AB
54.1%
14WEB
53.1%
11LIMB
46.9%
5BOMB
44.9%
4CLIMB
42.9%
21LIB
42.9%
12THUMB
37.8%
18BULB
33.7%
28BOOB
26.5%
10HERB
23.5%
8ABSORB
21.4%
9SUBURB
21.4%
15DISTURB
19.4%
30SUPERB
6.1%
24****
2%

You're not logged in!

Compare scores with friends on all Sporcle quizzes.
OR
Log In

Sporcle TV

Today on Sporcle TV


Watch our educational content, quiz creation guides, and fun videos on Sporcle TV.

Show Comments

Extras

Created Sep 12, 2016ReportNominate
Tags:common, Ending

Top Quizzes Today


Score Distribution

Your Account Isn't Verified!

In order to create a playlist on Sporcle, you need to verify the email address you used during registration. Go to your Sporcle Settings to finish the process.

Report this User

Report this user for behavior that violates our Community Guidelines.

Details: